LEADER 03629nam 22007215 450 001 9910483585303321 005 20251113203022.0 010 $a981-334-964-6 024 7 $a10.1007/978-981-33-4964-3 035 $a(CKB)5590000000442445 035 $a(MiAaPQ)EBC6531784 035 $a(Au-PeEL)EBL6531784 035 $a(OCoLC)1244628071 035 $a(PPN)254720870 035 $a(DE-He213)978-981-33-4964-3 035 $a(iGPub)SPNA0080545 035 $a(EXLCZ)995590000000442445 100 $a20210330d2021 u| 0 101 0 $aeng 135 $aurcnu|||||||| 181 $ctxt$2rdacontent 182 $cc$2rdamedia 183 $acr$2rdacarrier 200 10$aSignal Polarization Selection for Aircraft Radar Control $eModels and Methods /$fby Nikolay Kondratyevich Yurkov, Alexey Yevgenyevich Bukharov, Dmitry Alexandrovich Zatuchny 205 $a1st ed. 2021. 210 1$aSingapore :$cSpringer Nature Singapore :$cImprint: Springer,$d2021. 215 $a1 online resource (153 pages) 225 1 $aSpringer Aerospace Technology,$x1869-1749 311 08$a981-334-963-8 320 $aIncludes bibliographical references and index. 327 $aChapter 1. General principles of system analysis of the problems of radar contrast increment control processes -- Chapter 2. Synthesis of signal?s polarization selection system with the background of passive noise formed by reflections from distributed targets -- Chapter 3. Primary ways of technical implementation of developed selection system and methods of device?s error minimizing -- Chapter 4. Experimental test of theoretical results. 330 $aThis book highlights the synthesis of polarization selection system in the background of passive noise formed by reflections from space-distributed targets. This synthesis is fulfilled as close as possible to its ideal configuration in terms of maximal signal-to-noise ratio for the matched load of radar station antenna system. It presents a new approach to radar system resolution enhancement based on the development of mathematical model for radiometric receivers with mono-pulse antenna systems, as well as creation of a new algorithm that allows increasing angular resolution during the object?s search and tracking due to special signal processing. . 410 0$aSpringer Aerospace Technology,$x1869-1749 606 $aAerospace engineering 606 $aAstronautics 606 $aSignal processing 606 $aMathematical physics 606 $aMathematics$xData processing 606 $aAerospace Technology and Astronautics 606 $aSignal, Speech and Image Processing 606 $aTheoretical, Mathematical and Computational Physics 606 $aComputational Mathematics and Numerical Analysis 615 0$aAerospace engineering. 615 0$aAstronautics. 615 0$aSignal processing. 615 0$aMathematical physics. 615 0$aMathematics$xData processing. 615 14$aAerospace Technology and Astronautics. 615 24$aSignal, Speech and Image Processing. 615 24$aTheoretical, Mathematical and Computational Physics. 615 24$aComputational Mathematics and Numerical Analysis. 676 $a621.3822 700 $aYurkov$b Nikolay Kondratyevich$0849392 702 $aBukharov$b Alexey Yevgenyevich 702 $aZatuchny$b Dmitry Alexandrovich 702 $aAnna$b Kudriashova 801 0$bMiAaPQ 801 1$bMiAaPQ 801 2$bMiAaPQ 906 $aBOOK 912 $a9910483585303321 996 $aSignal polarization selection for aircraft radar control$91896896 997 $aUNINA